| 000 | 00542nam a2200181Ia 4500 | ||
|---|---|---|---|
| 008 | 151018s9999 xx 000 0 und d | ||
| 082 |
_bRBASDV6526 _a891.463 |
||
| 100 | _aशिरीष पै | ||
| 245 | _aसंधिप्रकाश | ||
| 250 | _b1 | ||
| 260 |
_bग पा परचुरे प्रकाशन _c1968 |
||
| 300 | _a148 | ||
| 600 | _aशिरीष पै | ||
| 630 | _aसंधिप्रकाश | ||
| 700 | _aशिरीष पै | ||
| 730 | _aसंधिप्रकाश | ||
| 942 | _cBOOK | ||
| 999 |
_c1008900 _d1008897 |
||